|
|
|
|
| LEADER |
00948nam a22002657a 4500 |
| 001 |
41739 |
| 003 |
BD-DhAAL |
| 005 |
20230924123917.0 |
| 008 |
230924t2017 bg ||||| |||| 00| 0 eng d |
| 020 |
|
|
|a 9789843430243
|
| 040 |
|
|
|a BD-DhAAL
|d BD-DhAAL
|
| 082 |
|
|
|a 891.441
|2 23
|
| 100 |
|
|
|a Kaiser Haq
|9 55437
|
| 245 |
|
|
|a Pariah and other poems /
|c Kaiser Haque
|
| 250 |
|
|
|a Second enlarged edition.
|
| 260 |
|
|
|a Dhaka :
|b ULAB Press Bengal Lights Books,
|c 2017.
|
| 300 |
|
|
|a 77 pages ;
|c 21 cm.
|
| 526 |
|
|
|a ENH
|
| 541 |
|
|
|a Development Book Agency
|h 41739
|
| 650 |
|
|
|a Bengali poetry
|x Translations into English.
|
| 650 |
|
|
|a Bengali literature.
|
| 852 |
|
|
|a Ayesha Abed Library
|c General Stacks
|
| 942 |
|
|
|2 ddc
|c BK
|
| 999 |
|
|
|c 46130
|d 46130
|
| 952 |
|
|
|0 0
|1 0
|2 ddc
|4 0
|6 891_441000000000000_KAI
|7 0
|9 74329
|a BRACUL
|b BRACUL
|c GEN
|d 2023-09-05
|e Development Book Agency
|g 435.00
|l 2
|m 3
|o 891.441 KAI
|p 3010041739
|r 2025-05-15
|s 2025-04-30
|t 1
|v 435.00
|w 2023-09-05
|y BK
|